|
|
|
|
| LEADER |
00884nam a22002177a 4500 |
| 001 |
AAL4415 |
| 003 |
BD-DhAAL |
| 005 |
20160302095600.0 |
| 008 |
160302s 1999bg ||||| |||| 00| 0 ben d |
| 040 |
|
|
|a BD-DhAAL
|c BD-DhAAL
|
| 082 |
|
|
|a 891.7/3/3
|
| 100 |
|
|
|a গোর্কির, ম্যাক্সিম
|9 18286
|
| 245 |
|
|
|a মা এবং অন্যান্য /
|c ম্যাক্সিম গোর্কির
|
| 260 |
|
|
|a ঢাকা :
|b ক্যাবকো,
|c ১৯৯৯
|
| 300 |
|
|
|a ২২৫ পৃ. ;
|c ২৪ সে.মি.
|
| 541 |
|
|
|e 4415
|
| 600 |
|
|
|a Gorky, Maksim, > 1868-1936 >
|9 18287
|
| 852 |
|
|
|a Savar Campus Library
|c General Shelf
|
| 942 |
|
|
|2 ddc
|c BK
|
| 999 |
|
|
|c 36996
|d 36996
|
| 952 |
|
|
|0 0
|1 0
|2 ddc
|4 0
|6 891_700000000000000_3_3_GOR
|7 0
|9 58237
|a SCL
|b SCL
|c GEN
|d 2016-03-02
|g 125.00
|l 8
|m 18
|o 891.733 GOR
|p 3020004415
|r 2025-12-29
|s 2025-10-16
|t 1
|w 2016-03-02
|y BK
|